Art/design : communicating visually /

Suggested activities, numerous illustrations, and brief text explore drawing, sculpture, environmental design, and other forms of visual communication.

Bibliographic Details
Main Author: Clark, Gilbert A.
Other Authors: Zimmerman, Enid
Format: Book
Language:English
Published: Blauvelt, N.Y. : Art Education, [1978]
Subjects:

MARC

Tag First Indicator Second Indicator Subfields
LEADER 00000cam a2200000 i 4500
001 in00000039900
005 20160310150905.0
008 791005s1978 nyua j b 00110 eng
010 |a  78067191  
020 |a 0912242167 
020 |a 0912242159 (pbk.) 
035 |a (OCoLC)04730652 
035 |9 AAE3980AM 
040 |a DLC  |c DLC  |d TXA  |d UtOrBLW 
049 |a [Curr Col] TXAM  |c [1632351], 2 [1632352] 
050 0 0 |a N7430  |b .C53 
082 0 |a 702/.8 
100 1 |a Clark, Gilbert A. 
245 1 0 |a Art/design :  |b communicating visually /  |c written by Gilbert Clark and Enid Zimmerman ; educational consultants, Judy Beckham, Ted C. Couch, design consultant, Norman Laliberte. 
264 1 |a Blauvelt, N.Y. :  |b Art Education,  |c [1978] 
264 4 |c ©1978 
300 |a 192 pages :  |b illustrations (some color) ;  |c 24 cm. 
336 |a text  |b txt  |2 rdacontent 
337 |a unmediated  |b n  |2 rdamedia 
338 |a volume  |b nc  |2 rdacarrier 
500 |a Includes index. 
504 |a Bibliography: pages 183-185. 
520 |a Suggested activities, numerous illustrations, and brief text explore drawing, sculpture, environmental design, and other forms of visual communication. 
650 0 |a Art  |x Technique. 
650 0 |a Design  |x Technique. 
650 1 |a Art  |x Technique. 
650 1 |a Design  |x Technique. 
700 1 |a Zimmerman, Enid. 
999 |a MARS 
999 f f |s 33582067-4be7-3c00-a93b-178ed066c752  |i bf1e55b3-f30d-309b-966e-4d5ed08e54b0  |t 0 
952 f f |p normal  |a Texas A&M University  |b College Station  |c Sterling C. Evans Library  |d Evans: Library Stacks  |t 0  |e N7430 .C53  |h Library of Congress classification  |i unmediated -- volume  |m A14800226019 
998 f f |a N7430 .C53  |t 0  |l Evans: Library Stacks